Responses for Show #6671 - Monday, September 23, 2013

Contestants

[<< previous game]

Stephanie Femrite Stevens, a recycling operations specialist from Arbutus, Maryland

Collin Adams, a Presbyterian minister from Pollocksville, North Carolina

Matt Volk, a financial analyst from Cedar Rapids, Iowa (whose 1-day cash winnings total $15,400)

[next game >>]

Jeopardy! Round responses

YOU SHOULD KNOW THIS
HAWAII... NOT!
THE AGRICULTURAL HALL OF FAME
"OY" VEY
(Alex: Each correct response will end in "O-Y".)
PARDON ME
BROADWAY
(Jimmy: This season's hottest shows!)
    $200 9
Adams

Stephanie
    $200 11
the Cascades

Matt
    $200 1
wheat

Matt
    $200 3
a ploy

Stephanie
    $200 13
Richard Nixon

Matt
    $200 7
Cyndi Lauper

Collin
    $400 10
5,280

Matt
    $400 12
[Alex read "degrees" into the clue even though it did not appear on screen.]

the Yukon Territory

Collin
    $400 2
Willie Nelson

Collin
    $400 4
deploy

Stephanie
    $400 14
(Julius) Caesar

Stephanie
    $400 27
Rodgers & Hammerstein

Stephanie
    $600 16
Rommel

Collin
    $600 24
(Collin: What is Ayers Rock?)
...
(Alex: You guys, sometimes have to go with the obvious. It's a desert. He was searching for [*].)

water

Collin
Triple Stumper
    $600 20
fat (butterfat)

Matt
    $600 5
(Matt: [Clears throat]... Sorry.)

coy

MattStephanie
    $600 15
Clinton

Collin
    $500 28
Berry Gordy

Stephanie
    $800 17
Tallinn

Stephanie
    $800 25
Warsaw

Matt
    $800 21
Arbor Day

Stephanie
    $800 6
an envoy

Matt
    $800 19
Tsar Nicholas II

Matt
    $800 29
Parker & Stone

Stephanie
    $1000 18
the Cambrian Period

Triple Stumper
    $1000 26
the Tibetan Plateau

Collin
    $1000 23
the Future Farmers of America

Stephanie
    $1000 8
a sepoy

Collin
    $1000 22
(Andrew) Johnson

Collin
    $1000 30
Roald Dahl

Matt

Scores at the first commercial break (after clue 15):

Matt Collin Stephanie
$1,200 $2,600 $1,800

Scores at the end of the Jeopardy! Round:

Matt Collin Stephanie
$4,400 $4,600 $6,100

Double Jeopardy! Round responses

BRITISH ROYAL RESIDENCES
ANTHROPOLOGIST'S DICTIONARY
TV FOR THEE & ME
THE QUOTABLE DOROTHY PARKER
DOUBLE-LETTER WORDS
I LOVE YOU, "MAN"
    $400 19
Buckingham Palace

Matt
    $400 15
rite of passage

Matt
    $400 10
90210

Matt
    $400 20
girls who wear glasses

Stephanie
    $400 1
fritter

Matt
    $400 5
the Sandman

Stephanie
    $800 22
(Alex: Minute to go now, Collin.)

Windsor Castle

Triple Stumper
    $800 16
a nomad

Collin
    $800 11
Downton Abbey

Stephanie
    $800 21
swine

Collin
    $800 2
(Collin: What is [**]?)
(Stephanie: What is a wattle?)
[Collin was originally ruled incorrect; this ruling was reversed before the Daily Double at clue 18. Stephanie was then returned the money she lost as a result of her incorrect response.]

a ruff (a ruffle accepted)

Collin
    $800 6
Manchuria

Matt
    $600 25
[The end-of-round signal sounds.]

a carrier pigeon

Collin
    $1200 17
a hunter-gatherer

Collin
    $1200 12
Scandal

Collin
    $1200 3
an errand

Collin
    $1200 7
a Doberman pinscher

Matt
    $1,000 18
(Collin: What is panentheism?)

animism

Collin
    $1600 13
Blog

Collin
    $1600 4
(Matt: What is a skiff?)

a scull

Matt
Triple Stumper
    $1600 8
adamant (Adam Ant)

Triple Stumper
    $2000 23
(Stephanie: What is corruption?)

inequality

Stephanie
Triple Stumper
    $2000 14
The Joe Schmo Show

Matt
    $2000 24
a hobble skirt

Triple Stumper
    $2000 9
Man and Superman

Matt

Scores at the end of the Double Jeopardy! Round:

Matt Collin Stephanie
$10,400 $11,800 $5,700

[wagering suggestions for these scores]

Final Jeopardy! Round responses

CLASSIC FILMS
(Alex: [To Matt] ...with star Audrey Hepburn.)
StephanieWhat is West Side Story?
$5,699
MattWhat is Breakfast at Tiffany's?
$8,600
CollinWhat is Westside Story
$10,400
Breakfast at Tiffany's

Final scores:

Matt Collin Stephanie
$19,000 $1,400 $1
2-day champion: $34,400 2nd place: $2,000 3rd place: $1,000

Game dynamics:

Coryat scores:

Matt Collin Stephanie
$10,400 $13,400 $5,800
17 R,
2 W
16 R
(including 1 DD),
2 W
(including 1 DD)
14 R
(including 1 DD),
1 W

Combined Coryat: $29,600

[game clues] [game scores] [suggest correction]

Game tape date: 2013-08-21
The J! Archive is created by fans, for fans. Scraping, republication, monetization, and malicious use prohibited; this site may use cookies and collect identifying information. See terms. The Jeopardy! game show and all elements thereof, including but not limited to copyright and trademark thereto, are the property of Jeopardy Productions, Inc. and are protected under law. This website is not affiliated with, sponsored by, or operated by Jeopardy Productions, Inc. Join the discussion at JBoard.tv.